Attacco dei Giganti - Città - Statistics

Statistiche generali
  • Questo quiz è stato fatto 25 volte
  • Il punteggio medio è 2 su 10
Risposte nella Mappa
Le risposte nella mappa del quiz sottostante sono codificate secondo una scala di colori dal rosso al verde in base alla % di persone che hanno risposto correttamente.
 
Statistiche sulle risposte
Wall Città % Corretto
Maria Shiganshina
100%
Rose Trost
77%
Sina Stohess
18%
Rose Karanes
9%
Sina Orvud
9%
Sina Ehrmich
5%
Rose Krolva
5%
Sina Mitras
5%
Rose Utopia
5%
Sina Yarckel
5%
Nessun quiz corrispondente trovato
Distribuzione punteggi
Percentuale di utenti per punteggio
Percentile per numero di risposta
I tuoi punteggi nel tempo
Non hai fatto questo quiz